00529nam a22001577a 450000500170000001000150001702000260003203500140005803700130007208200130008510000200009824500600011826000490017827000810022730000630030820220727163401.0 aENG-134026 a9788177421200c600.00 aEN-117558 bDBAD/PUB a613.7046 aBhatnagar, V.S. aThe Natha Philosophy and Ashtanga-Yoga/cV.S. Bhatnagar aNew DelhibAditya Prakashan, New Delhic2012 a2/18, Ansari Road, New DelhibNew Delhie110002mcontact@adityaprakashan.com a179p.bConclusion, Bibliography,Glossary, Indexc23cm(Hbk)